Безопасность жизнедеятельности: электронный курс
| מחבר ראשי: | |
|---|---|
| מחבר תאגידי: | |
| סיכום: | Заглавие с экрана В курсе "Безопасность жизнедеятельности" раскрываются вопросы комплексного представления об источниках, количестве и значимости травмирующих и вредных факторов среды обитания, принципах и методах качественного анализа опасностей, общей стратегии, принципов обеспечения безопасности и экономической целесообразности мероприятий по обеспечению безопасности жизнедеятельности. Особое внимание уделяется вопросам воздействия вредных и опасных факторов на организм человека, расчету уровней воздействия данных факторов и разработке способов снижения вредного воздействия на человека. Знания, полученные в курсе помогут находить пути решения сложных ситуаций, связанных с безопасностью жизнедеятельности, оценивать уровни опасных и вредных факторов среды обитания, разрабатывать мероприятия по повышению безопасности производственной деятельности. Доступ по логину и паролю |
| שפה: | רוסית |
| יצא לאור: |
Томск, TPU Moodle, 2015
|
| נושאים: | |
| גישה מקוונת: | https://design.lms.tpu.ru/course/view.php?id=579 |
| פורמט: | MixedMaterials אלקטרוני ספר |
| KOHA link: | https://koha.lib.tpu.ru/cgi-bin/koha/opac-detail.pl?biblionumber=651731 |
MARC
| LEADER | 00000nlm0a2200000 4500 | ||
|---|---|---|---|
| 001 | 651731 | ||
| 005 | 20231102025819.0 | ||
| 035 | |a (RuTPU)RU\TPU\network\16993 | ||
| 035 | |a RU\TPU\network\16992 | ||
| 090 | |a 651731 | ||
| 100 | |a 20161121d2015 m y0rusy50 ca | ||
| 101 | 0 | |a rus | |
| 102 | |a RU | ||
| 105 | |a a j 000zy | ||
| 135 | |a jrcn ---uucaa | ||
| 181 | 0 | |a i | |
| 182 | 0 | |a b | |
| 200 | 1 | |a Безопасность жизнедеятельности |e электронный курс |f К. Н. Орлова |g Национальный исследовательский Томский политехнический университет (ТПУ), Юргинский технологический институт (филиал) (ЮТИ), Кафедра безопасности жизнедеятельности, экологии и физического воспитания (БЖДЭФВ) | |
| 203 | |a Текст |c электронный | ||
| 210 | |a Томск |c TPU Moodle |d 2015 | ||
| 230 | |a Электрон. дан. | ||
| 300 | |a Заглавие с экрана | ||
| 330 | |a В курсе "Безопасность жизнедеятельности" раскрываются вопросы комплексного представления об источниках, количестве и значимости травмирующих и вредных факторов среды обитания, принципах и методах качественного анализа опасностей, общей стратегии, принципов обеспечения безопасности и экономической целесообразности мероприятий по обеспечению безопасности жизнедеятельности. Особое внимание уделяется вопросам воздействия вредных и опасных факторов на организм человека, расчету уровней воздействия данных факторов и разработке способов снижения вредного воздействия на человека. Знания, полученные в курсе помогут находить пути решения сложных ситуаций, связанных с безопасностью жизнедеятельности, оценивать уровни опасных и вредных факторов среды обитания, разрабатывать мероприятия по повышению безопасности производственной деятельности. | ||
| 333 | |a Доступ по логину и паролю | ||
| 606 | 1 | |a Безопасность жизнедеятельности |2 stltpush |3 (RuTPU)RU\TPU\subj\27856 |9 51540 | |
| 610 | 1 | |a электронный ресурс | |
| 610 | 1 | |a труды учёных ТПУ | |
| 610 | 1 | |a электронное обучение | |
| 610 | 1 | |a электронные курсы ТПУ | |
| 610 | 1 | |a безопасность | |
| 610 | 1 | |a вредные факторы | |
| 610 | 1 | |a опасность | |
| 610 | 1 | |a защита | |
| 610 | 1 | |a безопасность жизнедеятельности | |
| 610 | 1 | |a производственная деятельность | |
| 610 | 1 | |a электронные учебные пособия | |
| 610 | 1 | |a учебные пособия | |
| 675 | |a 614.8(075.8) |v 4 | ||
| 700 | 1 | |a Орлова |b К. Н. |c физик |c доцент Юргинского технологического института (филиала) Томского политехнического университета, кандидат технических наук |f 1985- |g Ксения Николаевна |2 stltpush |3 (RuTPU)RU\TPU\pers\28212 |9 13166 | |
| 712 | 0 | 2 | |a Национальный исследовательский Томский политехнический университет (ТПУ) |b Юргинский технологический институт (филиал) (ЮТИ) |b Кафедра безопасности жизнедеятельности, экологии и физического воспитания (БЖДЭФВ) |h 2240 |2 stltpush |3 (RuTPU)RU\TPU\col\18930 |
| 801 | 2 | |a RU |b 63413507 |c 20211123 |g RCR | |
| 856 | 4 | |u https://design.lms.tpu.ru/course/view.php?id=579 | |
| 942 | |c CF | ||